International conference on load lines, 1966 : final act of the conference, with attachments including the international convention on load lines, 1966

Saved in:
Bibliographic Details
Corporate Author: International Conference on Load Lines London, England
Format: Conference Proceeding Book
Language:English
Published: London : International Maritime Organization, 1981
Subjects:
Tags: Add Tag
No Tags, Be the first to tag this record!

MARC

LEADER 00000cam a2200000 i 4500
001 1/66087
008 980907s1981 eng d
020 |a 9280111132 
035 |l 10029757 
040 |a GR-MY-UA  |b gre  |e aacr 
041 0 |a eng 
082 0 |a 341.75665 
111 2 |a International Conference on Load Lines   |d (1966 :   |c London, England) 
245 1 0 |a International conference on load lines, 1966 :  |b final act of the conference, with attachments including the international convention on load lines, 1966 
260 |a London :   |b International Maritime Organization,   |c 1981 
300 |a 76 σ. 
650 0 0 |a Load-line. 
852 |a INST  |b CHIOS  |e 19980907  |h 341.75665 INT  |p 005200015693  |q 005200015693  |t BK  |y 0 
901 |a BIBL-1998-3 
909 |a Χ  |b 054767 
922 |a 2ΕΛΗ  |b 199809  |c ΤΝΕΥ  |d ΜΑΝΤΑΡΑΚΗΣ